[Event "Tournoi francophone 009 Groupe D"]
[Site "Skype"]
[Date "????.??.??"]
[Round "1.1"]
[White "Vervoort, Jean-Louis"]
[Black "Scata, Laura"]
[Result "0-1"]
[WhiteElo "1217"]
[BlackElo "1304"]
[PlyCount "52"]

1. d4 c6 2. e4 d5 3. e5 Bf5 4. Bd3 Bxd3 5. Qxd3 e6 6. Nf3 Nd7 7. O-O Ne7 8. Bg5
Qb6 9. b3 Nf5 10. c4 c5 11. dxc5 Nxc5 12. Qc2 dxc4 13. bxc4 h6 14. Bd2 Be7 15.
Nc3 O-O 16. Rab1 Qc7 17. Rb2 Rfd8 18. Rfb1 b6 19. Ne4 Nd3 20. Rb3 Nxe5 21. Nxe5
Qxe5 22. Bc3 Qc7 23. a4 Qxc4 24. a5 Nd4 25. Qa2 Nxb3 26. Rxb3 Rd1+ 0-1

[Event "Tournoi francophone 009 Groupe D"]
[Site "Skype"]
[Date "????.??.??"]
[Round "1.2"]
[White "Moumtaz, Abderrahim"]
[Black "Massez, Konrad"]
[Result "1-0"]
[WhiteElo "1292"]
[BlackElo "1150"]
[PlyCount "45"]

1. d4 d5 2. c4 e6 3. Nf3 Bd6 4. Bg5 Nf6 5. Nc3 Nbd7 6. e3 O-O 7. Bd3 e5 8. dxe5
Nxe5 9. cxd5 Bd7 10. Qc2 b6 11. Bxh7+ Kh8 12. Be4 Nxf3+ 13. Bxf3 Be7 14. O-O c6
15. dxc6 Be6 16. c7 Qxc7 17. Bxa8 Rxa8 18. Rac1 Rc8 19. Qd1 Qe5 20. Bf4 Qa5 21.
a3 Nd5 22. Nxd5 Bxd5 23. Rxc8+ 1-0

[Event "Tournoi francophone 009 Groupe D"]
[Site "Skype"]
[Date "????.??.??"]
[Round "1.3"]
[White "Porcabeuf, Jean-Marc"]
[Black "Rodriguez, Nathalie"]
[Result "0-1"]
[WhiteElo "1098"]
[BlackElo "1272"]
[PlyCount "30"]

1. d4 d5 2. e3 Nf6 3. Nd2 e6 4. Bd3 Be7 5. Ngf3 h6 6. O-O O-O 7. Re1 Nc6 8. e4
Nxe4 9. Nxe4 dxe4 10. Rxe4 f5 11. Re1 Nxd4 12. Nxd4 Qxd4 13. b3 Qxa1 14. Qe2
Qxa2 15. Bxf5 Rxf5 0-1

[Event "Tournoi francophone 009 Groupe D"]
[Site "Skype"]
[Date "????.??.??"]
[Round "1.4"]
[White "Le Bouill, Pierre"]
[Black "Mimouni, Driss"]
[Result "1-0"]
[WhiteElo "1265"]
[BlackElo "1058"]
[PlyCount "69"]

1. Nf3 e5 2. Nxe5 Nf6 3. g3 Bd6 4. Nf3 O-O 5. Bg2 Bc5 6. d4 Bb4+ 7. c3 Ba5 8.
b4 Bb6 9. Bb2 d5 10. O-O Bg4 11. h3 Be6 12. Re1 Nc6 13. Nbd2 Qd6 14. e4 dxe4
15. Nxe4 Bd5 16. Nxd6 cxd6 17. Ne5 dxe5 18. Bxd5 Nxd5 19. dxe5 Rae8 20. Qxd5
Nxe5 21. Rxe5 Bxf2+ 22. Kxf2 Rd8 23. Qf3 f6 24. Re7 Rd2+ 25. Re2 Rd7 26. Ba3
Rfd8 27. Ree1 Rd3 28. Qxb7 Rd2+ 29. Kf1 h6 30. Qxa7 R8d3 31. Qa8+ Kh7 32. Qe4+
g6 33. Qe7+ Kh8 34. Qe8+ Kg7 35. Re7# 1-0

[Event "Tournoi francophone 009 Groupe D"]
[Site "Skype"]
[Date "????.??.??"]
[Round "1.5"]
[White "Morin, Claude"]
[Black "Dhenain, Sebastien"]
[Result "0-1"]
[WhiteElo "1018"]
[BlackElo "1244"]
[PlyCount "122"]

1. e4 e5 2. Nf3 Nc6 3. Bb5 a6 4. Ba4 b5 5. Bb3 Nf6 6. d3 d5 7. Bg5 dxe4 8. Bxf6
Qxf6 9. dxe4 Bg4 10. Nc3 Bb4 11. Qd2 Bxf3 12. gxf3 Qxf3 13. Rg1 Bxc3 14. bxc3
Qxe4+ 15. Qe2 Qxe2+ 16. Kxe2 O-O 17. Bd5 Rad8 18. Bxc6 Rd6 19. Bb7 Rb8 20. Bf3
Re8 21. Rg3 e4 22. Bg4 Red8 23. Ke3 Rd2 24. Bf5 Rxc2 25. Rh3 Rd3+ 26. Kxe4 Rd8
27. Bxh7+ Kf8 28. Kf3 Rxc3+ 29. Kf4 Rd4+ 30. Ke5 Rxh3 31. Kxd4 Rxh7 32. Rc1
Rxh2 33. Rxc7 Rxf2 34. Rc8+ Ke7 35. Rc7+ Kd6 36. Ra7 Rxa2 37. Rxf7 a5 38. Rxg7
a4 39. Rg6+ Kc7 40. Kd5 a3 41. Rg7+ Kb6 42. Rg6+ Ka5 43. Kc5 Rc2+ 44. Kd4 a2
45. Rg1 Rb2 46. Kc3 Rb1 47. Rg8 a1=Q+ 48. Kc2 Qb2+ 49. Kd3 Rd1+ 50. Ke4 Re1+
51. Kf3 Rf1+ 52. Kg4 Rg1+ 53. Kf4 Rxg8 54. Kf3 Qg2+ 55. Kf4 Rf8+ 56. Ke3 Qf3+
57. Kd4 Rd8+ 58. Ke5 Qe3+ 59. Kf5 Rf8+ 60. Kg4 Qg1+ 61. Kh4 Rh8# 0-1

[Event "Tournoi francophone 009 Groupe D"]
[Site "Skype"]
[Date "????.??.??"]
[Round "1.6"]
[White "Douichi, Mohammed"]
[Black "Schnell, Nicolas"]
[Result "1-0"]
[WhiteElo "1243"]
[BlackElo "1015"]
[PlyCount "59"]

1. d4 Nf6 2. Nc3 Nc6 3. e4 g5 4. Bxg5 h6 5. Bf4 h5 6. Nb5 d6 7. e5 d5 8. exf6
exf6 9. Nxc7+ Ke7 10. Qe2+ Kd7 11. Nxa8 Bb4+ 12. c3 Ba5 13. b4 Nxb4 14. cxb4
Bxb4+ 15. Kd1 Qa5 16. Nf3 Qa4+ 17. Qc2 Qa5 18. Nc7 Ke7 19. Qe2+ Kd8 20. Nb5
Qa4+ 21. Qc2 Qa6 22. Qc7+ Ke8 23. Nd6+ Kf8 24. Bxa6 bxa6 25. Qxc8+ Kg7 26. Nf5+
Kh7 27. Qxa6 Re8 28. Qxa7 Re4 29. Qxf7+ Kh8 30. Qg7# 1-0

[Event "Tournoi francophone 009 Groupe D"]
[Site "Skype"]
[Date "????.??.??"]
[Round "1.7"]
[White "Canova, Felix"]
[Black "Lecluyse, Koenraad"]
[Result "0-1"]
[WhiteElo "1000"]
[BlackElo "1227"]
[PlyCount "100"]

1. e4 e6 2. d4 d5 3. Nc3 c5 4. Nge2 Nc6 5. h4 Nf6 6. Bg5 Be7 7. e5 Ne4 8. f3
Nxc3 9. bxc3 h6 10. Bxe7 Qxe7 11. g3 O-O 12. g4 f6 13. f4 g5 14. hxg5 hxg5 15.
Bh3 Qh7 16. Qd3 Qh4+ 17. Kf1 cxd4 18. Qg3 Qh7 19. cxd4 Qxc2 20. Rc1 Qxa2 21.
Qd3 Nb4 22. Nc3 Qa3 23. Qb1 b6 24. Nb5 Qa4 25. Qa1 Qb3 26. Nd6 Ba6+ 27. Kf2
Nd3+ 28. Ke3 Nxc1+ 29. Kf2 Rfc8 30. Rxc1 Rxc1 31. Qxc1 Qxh3 32. exf6 Qxg4 33.
Qg1 Qxf4+ 34. Kg2 Qxf6 35. Kh2 Rf8 36. Qg3 Qh6+ 37. Kg2 Rf4 38. Qh3 Qg7 39. Nf5
Qg6 40. Nh6+ Kf8 41. Kg3 Qd3+ 42. Kg2 Qe4+ 43. Kh2 Rh4 44. Qxh4 Qxh4+ 45. Kg1
Qxh6 46. Kf2 Qh4+ 47. Kf3 Qxd4 48. Kg3 Be2 49. Kg2 a5 50. Kg3 a4 0-1

[Event "Tournoi francophone 009 Groupe D"]
[Site "Skype"]
[Date "????.??.??"]
[Round "1.8"]
[White "Bacha, Mehdi"]
[Black "Gagnon, Sindy"]
[Result "1-0"]
[WhiteElo "1219"]
[BlackElo "1000"]
[PlyCount "69"]

1. d4 Nf6 2. e3 e6 3. Bd3 c6 4. c3 Bd6 5. f4 h6 6. Nf3 O-O 7. O-O b6 8. Bc2 c5
9. e4 Nc6 10. e5 Qc7 11. exf6 cxd4 12. fxg7 Kxg7 13. Qd3 Rh8 14. Nxd4 Ne7 15.
Qg3+ Ng6 16. Nb5 Qc6 17. Nxd6 Bb7 18. Nxb7 Qxb7 19. Nd2 Rh7 20. Be4 d5 21. Bd3
Rah8 22. Nf3 h5 23. Nh4 Re8 24. Nxg6 e5 25. Nxe5+ Kf6 26. Bxh7 Rh8 27. Qg5+ Ke6
28. Bf5+ Kd6 29. Qf6+ Kc5 30. Qxh8 f6 31. Be3+ d4 32. Bxd4+ Kd5 33. Rae1 a5 34.
Be4+ Kd6 35. Bxb7 1-0

[Event "Tournoi francophone 009 Groupe D"]
[Site "Skype"]
[Date "????.??.??"]
[Round "2.1"]
[White "Scata, Laura"]
[Black "Douichi, Mohammed"]
[Result "1-0"]
[WhiteElo "1304"]
[BlackElo "1243"]
[PlyCount "141"]

1. d4 Nf6 2. Nf3 d5 3. Bf4 Bf5 4. h3 a6 5. e3 Nc6 6. c3 Bxb1 7. Rxb1 Qd7 8. Qb3
Na5 9. Qc2 e6 10. b4 Nc6 11. Bd3 Bd6 12. Ne5 Nxe5 13. dxe5 Bxe5 14. Bxe5 Ne4
15. Bxe4 dxe4 16. Qxe4 Qd5 17. Qxd5 exd5 18. Bxc7 Rc8 19. Be5 O-O 20. O-O Rfe8
21. Bd4 f6 22. a4 b5 23. axb5 axb5 24. Ra1 Rb8 25. Ra5 Rec8 26. Rfa1 Kf7 27.
Ra7+ Kg6 28. Kf1 Kh6 29. Ke2 Rg8 30. g4 Kg5 31. Kf3 Kh4 32. Kf4 g5+ 33. Kf5
Kxh3 34. Rxh7+ Kg2 35. e4 dxe4 36. Kxe4 Rbe8+ 37. Kf5 Rd8 38. Rhh1 Rd5+ 39. Ke4
f5+ 40. Kxd5 fxg4 41. Rag1+ Kf3 42. Rg3+ Kf4 43. Be3+ Kf5 44. Kc5 Rc8+ 45. Kxb5
Rxc3 46. Rc1 Rd3 47. Kc4 Rd6 48. b5 Re6 49. Bd4 Re4 50. b6 Kf4 51. Rgg1 Re8 52.
b7 Rb8 53. Ba7 Rxb7 54. Be3+ Kf5 55. Kd3 Re7 56. Rc5+ Re5 57. Rxe5+ Kxe5 58.
Rxg4 Kf5 59. Rxg5+ Kf6 60. f4 Kf7 61. f5 Kf6 62. Ke4 Kf7 63. Ke5 Ke7 64. f6+
Kf7 65. Rg7+ Kf8 66. Bc5+ Ke8 67. f7+ Kd7 68. f8=Q+ Kc6 69. Qd6+ Kb5 70. Rb7+
Kc4 71. Qd4# 1-0

[Event "Tournoi francophone 009 Groupe D"]
[Site "Skype"]
[Date "????.??.??"]
[Round "2.2"]
[White "Dhenain, Sebastien"]
[Black "Moumtaz, Abderrahim"]
[Result "0-1"]
[WhiteElo "1244"]
[BlackElo "1292"]
[PlyCount "64"]

1. e4 e5 2. Nf3 Nf6 3. Nc3 Bc5 4. Bc4 d6 5. d3 O-O 6. O-O Nc6 7. Bg5 Be6 8.
Bxe6 fxe6 9. h3 Nd4 10. Nxd4 Bxd4 11. Nb5 Bb6 12. Nc3 c6 13. Re1 Qc7 14. Be3 d5
15. Na4 Rad8 16. Bxb6 axb6 17. Nc3 Qf7 18. d4 exd4 19. Qxd4 c5 20. Qa4 Nh5 21.
Rf1 d4 22. Ne2 e5 23. Nc3 d3 24. Rac1 d2 25. Ne2 c4 26. b3 b5 27. Qa3 d1=Q 28.
Rfxd1 Qxf2+ 29. Kh1 Rxd1+ 30. Rxd1 Qxe2 31. Rd7 Nf4 32. Qe7 Qxg2# 0-1

[Event "Tournoi francophone 009 Groupe D"]
[Site "Skype"]
[Date "????.??.??"]
[Round "2.3"]
[White "Rodriguez, Nathalie"]
[Black "Bacha, Mehdi"]
[Result "1/2-1/2"]
[WhiteElo "1272"]
[BlackElo "1219"]
[PlyCount "65"]

1. e4 d5 2. d3 e6 3. Nc3 c6 4. Nf3 Bd6 5. Be2 Ne7 6. g3 O-O 7. O-O Na6 8. Nh4
Bb4 9. Bd2 Bxc3 10. Bxc3 Nc5 11. e5 d4 12. Bb4 Nd7 13. f4 c5 14. Bd2 b6 15. c4
Bb7 16. Nf3 Nf5 17. g4 Nh4 18. Nxh4 Qxh4 19. Be1 Qd8 20. Bf3 Qc7 21. Bxb7 Qxb7
22. Rf3 f6 23. exf6 Nxf6 24. h3 Qc7 25. Qe2 Rae8 26. Bg3 Nd7 27. Raf1 Qc8 28.
Qe4 Nf6 29. Qe5 Nd7 30. Qe4 Nf6 31. Qe2 Rf7 32. Bh4 Nd7 33. Qe4 1/2-1/2

[Event "Tournoi francophone 009 Groupe D"]
[Site "Skype"]
[Date "????.??.??"]
[Round "2.4"]
[White "Lecluyse, Koenraad"]
[Black "Le Bouill, Pierre"]
[Result "0-1"]
[WhiteElo "1227"]
[BlackElo "1265"]
[PlyCount "30"]

1. d4 Nf6 2. Nf3 e6 3. Bf4 Be7 4. e3 b6 5. Bd3 Bb7 6. Nbd2 c5 7. Bxb8 Qxb8 8.
c3 d6 9. O-O O-O 10. Qc2 Bxf3 11. Nxf3 d5 12. Rfe1 g6 13. e4 Qf4 14. Nd2 Ng4
15. Kf1 Qxf2# 0-1

[Event "Tournoi francophone 009 Groupe D"]
[Site "Skype"]
[Date "????.??.??"]
[Round "2.7"]
[White "Gagnon, Sindy"]
[Black "Porcabeuf, Jean-Marc"]
[Result "1-0"]
[WhiteElo "1000"]
[BlackElo "1098"]
[PlyCount "41"]

1. e4 e5 2. Nf3 Nc6 3. Nc3 Nf6 4. d4 exd4 5. Nxd4 d6 6. Bd3 Ne5 7. Bb5+ c6 8.
Be2 Be7 9. O-O O-O 10. Bf4 Ng6 11. Be3 h6 12. Qd3 Nh7 13. f4 f5 14. Nxf5 Bxf5
15. exf5 Rxf5 16. Qxf5 Qc7 17. h3 Rf8 18. Qxg6 Bf6 19. Bc4+ Kh8 20. Bd3 Rf7 21.
Qxh7# 1-0

[Event "Tournoi francophone 009 Groupe D"]
[Site "Skype"]
[Date "????.??.??"]
[Round "3.1"]
[White "Le Bouill, Pierre"]
[Black "Scata, Laura"]
[Result "1-0"]
[WhiteElo "1265"]
[BlackElo "1304"]
[PlyCount "25"]

1. e4 c6 2. Nf3 d5 3. e5 e6 4. d4 c5 5. c4 Nc6 6. cxd5 exd5 7. Be3 Qb6 8. a3
Qxb2 9. Nc3 cxd4 10. Nxd5 Kd8 11. Bxd4 Nge7 12. Bxb2 Bf5 13. Nb6+ 1-0

[Event "Tournoi francophone 009 Groupe D"]
[Site "Skype"]
[Date "????.??.??"]
[Round "3.2"]
[White "Moumtaz, Abderrahim"]
[Black "Rodriguez, Nathalie"]
[Result "0-1"]
[WhiteElo "1292"]
[BlackElo "1272"]
[PlyCount "54"]

1. d4 d5 2. c4 Nf6 3. cxd5 Nxd5 4. e4 Nb6 5. Nf3 e6 6. Nc3 Be7 7. Bd3 h6 8. O-O
O-O 9. a4 N8d7 10. a5 Nd5 11. exd5 exd5 12. Nxd5 c6 13. Nxe7+ Qxe7 14. Re1 Qd6
15. Qc2 f5 16. Qd2 Qg6 17. Qf4 Nb8 18. Nh4 Qf7 19. Qg3 Be6 20. Bxh6 Re8 21. Bf4
Na6 22. Ng6 Nb4 23. Ne5 Qf8 24. Ra3 Nxd3 25. Rxd3 Rad8 26. Qh4 Qb4 27. Ng6
Qxe1# 0-1

[Event "Tournoi francophone 009 Groupe D"]
[Site "Skype"]
[Date "????.??.??"]
[Round "3.3"]
[White "Bacha, Mehdi"]
[Black "Dhenain, Sebastien"]
[Result "1-0"]
[WhiteElo "1219"]
[BlackElo "1244"]
[PlyCount "77"]

1. b3 e5 2. Bb2 Nc6 3. e3 Nf6 4. c4 Bc5 5. d3 O-O 6. Nc3 d6 7. Na4 h6 8. Nxc5
dxc5 9. Nf3 Bg4 10. Be2 Re8 11. h3 Bh5 12. a3 e4 13. dxe4 Qxd1+ 14. Rxd1 Nxe4
15. O-O Ng5 16. Kh1 Bxf3 17. Bxf3 Nxf3 18. gxf3 Ne5 19. Rg1 g6 20. f4 Nf3 21.
Rg3 Nh4 22. Bf6 Nf5 23. Rgg1 Re6 24. Bd8 Re8 25. Bxc7 Rac8 26. Rd5 Rxc7 27.
Rxf5 Rd7 28. Rxc5 Rd2 29. Kg2 Red8 30. Rc7 Ra2 31. Rxb7 Rxa3 32. Rc1 a5 33. c5
Ra2 34. c6 Rdd2 35. Kf3 Rac2 36. Rxc2 Rxc2 37. c7 Kg7 38. Ra7 f5 39. c8=Q+ 1-0

[Event "Tournoi francophone 009 Groupe D"]
[Site "Skype"]
[Date "????.??.??"]
[Round "3.4"]
[White "Douichi, Mohammed"]
[Black "Vervoort, Jean-Louis"]
[Result "0-1"]
[WhiteElo "1243"]
[BlackElo "1217"]
[PlyCount "64"]

1. e4 d5 2. Nc3 d4 3. Nd5 e5 4. Nf3 Nf6 5. Nxd4 Nxd5 6. Nf3 Nf4 7. d3 Nc6 8. a3
Bg4 9. h3 Bxf3 10. Qxf3 Bd6 11. g3 Ne6 12. Be3 O-O 13. O-O-O Ned4 14. Qg4 Qf6
15. Kb1 b5 16. Bg2 b4 17. a4 Rab8 18. b3 Na5 19. Ka2 Rfe8 20. Rhf1 Qe6 21. Qxe6
Rxe6 22. h4 Be7 23. Rd2 Rc6 24. Kb2 Rc3 25. f4 Bf6 26. Bf3 Rb6 27. Bd1 Rbc6 28.
Rff2 exf4 29. gxf4 Ndxb3 30. cxb3 Rxb3+ 31. Ka2 Ra3+ 32. Kb1 Ra1# 0-1

[Event "Tournoi francophone 009 Groupe D"]
[Site "Skype"]
[Date "????.??.??"]
[Round "3.5"]
[White "Gagnon, Sindy"]
[Black "Lecluyse, Koenraad"]
[Result "0-1"]
[WhiteElo "1000"]
[BlackElo "1227"]
[PlyCount "62"]

1. e4 e6 2. Nc3 Nf6 3. Nf3 d5 4. exd5 exd5 5. d4 Bg4 6. Be2 h6 7. Qd3 Bb4 8.
Bd2 O-O 9. h3 Bxf3 10. Bxf3 c6 11. O-O Nbd7 12. Rfe1 Nb6 13. Re2 Qd7 14. Rae1
Nc4 15. Bf4 Nxb2 16. Qd2 Nc4 17. Qd3 Nb2 18. Qe3 Nc4 19. Qc1 Bxc3 20. Rd1 Rae8
21. Be5 Ne4 22. Bf4 Ncd6 23. g4 Ng5 24. Bg2 Rxe2 25. h4 Qxg4 26. Bg3 Bxd4 27.
Kh2 Bxf2 28. Rd3 Bxg3+ 29. Rxg3 Qxh4+ 30. Kg1 Qxg3 31. Qd1 Qxg2# 0-1

[Event "Tournoi francophone 009 Groupe D"]
[Site "Skype"]
[Date "????.??.??"]
[Round "3.6"]
[White "Morin, Claude"]
[Black "Canova, Felix"]
[Result "1/2-1/2"]
[WhiteElo "1018"]
[BlackElo "1000"]
[PlyCount "97"]

1. e4 e5 2. Nf3 Nf6 3. d3 d6 4. h3 Be6 5. Be2 Nc6 6. c3 Be7 7. O-O O-O 8. Be3
d5 9. Nbd2 d4 10. cxd4 exd4 11. Bg5 Bb4 12. e5 h6 13. a3 Bc5 14. Ne4 hxg5 15.
Nxc5 Bc8 16. exf6 b6 17. Ne4 g4 18. hxg4 Re8 19. g5 Bf5 20. Rc1 Ne5 21. Nh4 Bg4
22. f4 Ng6 23. Nf5 Bxf5 24. Ng3 Nh4 25. Nxf5 Nxf5 26. Bg4 Ng3 27. Rf3 Ne2+ 28.
Kh2 Qd5 29. Rc2 Rac8 30. Rxe2 Rcd8 31. Bh5 g6 32. Bxg6 fxg6 33. f7+ Kxf7 34.
Rf1 Rh8+ 35. Kg3 Rde8 36. Rh1 Kg7 37. Rxh8 Kxh8 38. Rxe8+ Kg7 39. Re7+ Kf8 40.
Rxc7 Qd6 41. Rxa7 Qe7 42. Rxe7 Kxe7 43. Qe1+ Kd6 44. Qe8 b5 45. Qg8 Kc5 46.
Qxg6 b4 47. axb4+ Kxb4 48. Qb6+ Ka4 49. g6 1/2-1/2

[Event "Tournoi francophone 009 Groupe D"]
[Site "Skype"]
[Date "????.??.??"]
[Round "3.7"]
[White "Porcabeuf, Jean-Marc"]
[Black "Massez, Konrad"]
[Result "0-1"]
[WhiteElo "1098"]
[BlackElo "1150"]
[PlyCount "30"]

1. d4 e5 2. dxe5 Nc6 3. Nf3 Qe7 4. Nc3 Nxe5 5. Nxe5 Qxe5 6. Ne4 Qxe4 7. g3 g6
8. Rg1 Bg7 9. Bg2 Qe7 10. Bf4 d6 11. Qd2 Nf6 12. O-O-O O-O 13. h4 Ng4 14. Bg5
Qe5 15. e4 Qxb2# 0-1

[Event "Tournoi francophone 009 Groupe D"]
[Site "Skype"]
[Date "????.??.??"]
[Round "4.1"]
[White "Rodriguez, Nathalie"]
[Black "Le Bouill, Pierre"]
[Result "1-0"]
[WhiteElo "1272"]
[BlackElo "1265"]
[PlyCount "49"]

1. d4 Nf6 2. Nf3 d5 3. Nc3 Nc6 4. Bf4 a6 5. h3 Nh5 6. Bd2 h6 7. e3 e6 8. Be2
Bd6 9. Ne5 Bxe5 10. dxe5 g6 11. O-O Bd7 12. f4 Ng3 13. Rf2 Nxe2+ 14. Qxe2 Qe7
15. a3 Na5 16. b3 f6 17. Nb1 Bb5 18. Qe1 O-O-O 19. Bxa5 d4 20. Bb4 Qf7 21. Nd2
fxe5 22. fxe5 Qd7 23. Ne4 Rhf8 24. Rxf8 Rxf8 25. Bxf8 1-0

[Event "Tournoi francophone 009 Groupe D"]
[Site "Skype"]
[Date "????.??.??"]
[Round "4.2"]
[White "Scata, Laura"]
[Black "Bacha, Mehdi"]
[Result "1/2-1/2"]
[WhiteElo "1304"]
[BlackElo "1219"]
[PlyCount "55"]

1. e4 Nc6 2. Nf3 b6 3. d4 Bb7 4. c4 e6 5. a3 d5 6. e5 Na5 7. Qa4+ Bc6 8. Qc2
dxc4 9. Bxc4 Nxc4 10. Qxc4 Bxf3 11. gxf3 Ne7 12. Bg5 Qd7 13. Nc3 O-O-O 14.
O-O-O h6 15. Bxe7 Bxe7 16. f4 Kb7 17. d5 Bc5 18. dxe6 Qxe6 19. Qxe6 fxe6 20.
Ne4 Bd4 21. Rhg1 Rd7 22. Rd2 Rf8 23. Rgd1 c5 24. b4 Rxf4 25. Nd6+ Kc6 26. b5+
Kc7 27. Ne8+ Kb8 28. Rf1 1/2-1/2

[Event "Tournoi francophone 009 Groupe D"]
[Site "Skype"]
[Date "????.??.??"]
[Round "4.3"]
[White "Lecluyse, Koenraad"]
[Black "Moumtaz, Abderrahim"]
[Result "1/2-1/2"]
[WhiteElo "1227"]
[BlackElo "1292"]
[PlyCount "44"]

1. d4 Nf6 2. Bf4 d5 3. Nf3 Bf5 4. e3 e6 5. Bd3 Bxd3 6. Qxd3 Nc6 7. O-O Bd6 8.
Bg5 O-O 9. Nbd2 h6 10. Bxf6 Qxf6 11. e4 dxe4 12. Nxe4 Qe7 13. c3 Rfd8 14. b4 a6
15. b5 Na7 16. bxa6 bxa6 17. Qxa6 Rdb8 18. Rab1 Nb5 19. Qc6 Na7 20. Qa6 Nb5 21.
Qc6 Na7 22. Qa6 Nb5 1/2-1/2

[Event "Tournoi francophone 009 Groupe D"]
[Site "Skype"]
[Date "????.??.??"]
[Round "4.4"]
[White "Massez, Konrad"]
[Black "Vervoort, Jean-Louis"]
[Result "1/2-1/2"]
[WhiteElo "1150"]
[BlackElo "1217"]
[PlyCount "84"]

1. e4 d5 2. exd5 Qxd5 3. Nc3 Qa5 4. d4 e5 5. d5 c6 6. dxc6 Nxc6 7. Bd2 Nf6 8.
Bc4 Bb4 9. a3 Bxc3 10. Bxc3 Qc5 11. Qe2 Bg4 12. f3 Bf5 13. g4 Bxc2 14. Bxf7+
Kxf7 15. Qxc2 Qe3+ 16. Qe2 Qf4 17. Nh3 Qh6 18. Nf2 Rhd8 19. Bd2 g5 20. O-O-O
Rd7 21. Bc3 Rad8 22. Rxd7+ Rxd7 23. Bxe5 Nxe5 24. Qxe5 Re7 25. Qd4 Rc7+ 26. Kb1
Qg6+ 27. Nd3 b6 28. Ka1 Rd7 29. Ne5+ Ke6 30. Nxd7 Nxd7 31. Rd1 Nc5 32. Qd6+ Kf7
33. Qc7+ Kf6 34. Rd6+ Ne6 35. Qd7 Qf7 36. Qc6 Qg8 37. Qc3+ Ke7 38. Qc6 Kf6 39.
Qb7 Qf7 40. Rd7 Qe8 41. Rd6 Qe7 42. Rd7 Qe8 1/2-1/2

[Event "Tournoi francophone 009 Groupe D"]
[Site "Skype"]
[Date "????.??.??"]
[Round "4.5"]
[White "Canova, Felix"]
[Black "Douichi, Mohammed"]
[Result "0-1"]
[WhiteElo "1000"]
[BlackElo "1243"]
[PlyCount "78"]

1. e4 e5 2. Nf3 Nc6 3. d3 Nf6 4. Bg5 Be7 5. Nc3 O-O 6. Be2 d6 7. Nd5 Nxd5 8.
exd5 Nd4 9. Nxd4 exd4 10. h4 Qd7 11. Bg4 Qe8 12. O-O Bxg5 13. hxg5 Qe5 14. Re1
Qxg5 15. f3 Qxd5 16. b3 Qc6 17. Re4 d5 18. Rxd4 Qc5 19. c3 Qxc3 20. Rc1 Qxd4+
21. Kh2 Qe5+ 22. Kg1 Be6 23. Qe1 Qxe1+ 24. Rxe1 Rae8 25. d4 Bxg4 26. Kf1 Bxf3
27. gxf3 h5 28. Kf2 h4 29. a4 h3 30. b4 Rxe1 31. Kxe1 h2 32. Ke2 h1=Q 33. Ke3
Qe1+ 34. Kf4 Qxb4 35. Kg5 Qxd4 36. f4 Qf6+ 37. Kg4 Re8 38. f5 Re4+ 39. Kh5
Qxf5# 0-1

[Event "Tournoi francophone 009 Groupe D"]
[Site "Skype"]
[Date "????.??.??"]
[Round "4.6"]
[White "Dhenain, Sebastien"]
[Black "Gagnon, Sindy"]
[Result "1-0"]
[WhiteElo "1244"]
[BlackElo "1000"]
[PlyCount "51"]

1. e4 e6 2. e5 d6 3. Nf3 dxe5 4. Nxe5 Bd6 5. Nf3 Nf6 6. d4 O-O 7. Nc3 Re8 8.
Be2 e5 9. dxe5 Bxe5 10. Qxd8 Rxd8 11. Nxe5 b6 12. Bg5 h6 13. Bxf6 gxf6 14. Nf3
Bb7 15. O-O Nc6 16. Nb5 Rd7 17. c3 Rad8 18. Nbd4 Nxd4 19. Nxd4 h5 20. Bb5 Rd5
21. Bc6 Bxc6 22. Nxc6 R8d6 23. Ne7+ Kh7 24. Nxd5 Rxd5 25. Rfe1 Rg5 26. h3 1-0

[Event "Tournoi francophone 009 Groupe D"]
[Site "Skype"]
[Date "????.??.??"]
[Round "4.7"]
[White "Mimouni, Driss"]
[Black "Morin, Claude"]
[Result "1-0"]
[WhiteElo "1058"]
[BlackElo "1018"]
[PlyCount "39"]

1. e4 e5 2. Bc4 d5 3. exd5 Bc5 4. d3 Nf6 5. Nf3 Bg4 6. h3 Bf5 7. Nxe5 O-O 8.
O-O c6 9. Qf3 cxd5 10. Bxd5 Nxd5 11. Qxf5 Nc6 12. Bg5 Nce7 13. Qg4 Bd6 14. Qh4
Bxe5 15. Nd2 Qd6 16. Nf3 Bxb2 17. Rab1 Bf6 18. Rxb7 Bxg5 19. Nxg5 Nf5 20. Qxh7#
1-0

[Event "Tournoi francophone 009 Groupe D"]
[Site "Skype"]
[Date "????.??.??"]
[Round "5.1"]
[White "Vervoort, Jean-Louis"]
[Black "Rodriguez, Nathalie"]
[Result "0-1"]
[WhiteElo "1217"]
[BlackElo "1272"]
[PlyCount "64"]

1. d4 d5 2. c4 Nf6 3. Nc3 c6 4. Bg5 e6 5. Bxf6 Qxf6 6. e3 Nd7 7. Nf3 Qd8 8. Bd3
Be7 9. O-O O-O 10. Rc1 f5 11. Bb1 Nb6 12. b3 dxc4 13. bxc4 Nxc4 14. Qd3 b5 15.
h3 Bd7 16. g4 Ba3 17. Rce1 Nb2 18. Qc2 Nc4 19. e4 g6 20. exf5 exf5 21. gxf5
Bxf5 22. Qe2 Bb4 23. Bxf5 Rxf5 24. Rc1 Ba3 25. Rc2 Qf6 26. Nh4 Qxh4 27. Qe6+
Rf7 28. Qxc6 Raf8 29. Qg2 Nd6 30. Nd1 Nf5 31. Kh2 Nxd4 32. Rc4 bxc4 0-1

[Event "Tournoi francophone 009 Groupe D"]
[Site "Skype"]
[Date "????.??.??"]
[Round "5.2"]
[White "Le Bouill, Pierre"]
[Black "Bacha, Mehdi"]
[Result "1-0"]
[WhiteElo "1265"]
[BlackElo "1219"]
[PlyCount "117"]

1. e4 c5 2. Nf3 Nf6 3. Nc3 d6 4. d4 Bg4 5. Be2 cxd4 6. Nxd4 Bxe2 7. Qxe2 e5 8.
Nf3 Be7 9. h3 O-O 10. O-O Nbd7 11. Be3 Qc8 12. Rad1 Qc6 13. Nd5 Bd8 14. Nxf6+
Nxf6 15. Bg5 Nxe4 16. Bxd8 Rfxd8 17. Qd3 h6 18. b4 Rac8 19. Rc1 Nc3 20. Ra1 Qe4
21. Nd2 Qxd3 22. cxd3 Nd5 23. Nc4 Nxb4 24. Rfd1 Nxd3 25. Ne3 Nb2 26. Rdb1 Nd3
27. Rd1 e4 28. Nd5 Rc2 29. Rf1 Rd2 30. a3 Nxf2 31. Rxf2 Rxd5 32. Rc1 Rc5 33.
Re1 d5 34. Rb2 b6 35. Kh2 Rc3 36. Rbe2 f5 37. g3 Rxa3 38. h4 Rc8 39. Rd1 Rc5
40. Rf1 g6 41. g4 d4 42. gxf5 gxf5 43. Rg1+ Kf7 44. Reg2 Ke6 45. Rg6+ Ke5 46.
Rg8 Rc2+ 47. R8g2 Raa2 48. Rxc2 Rxc2+ 49. Kg3 d3 50. Rd1 f4+ 51. Kg4 Rg2+ 52.
Kh3 Rg3+ 53. Kh2 e3 54. Rxd3 e2 55. Rxg3 e1=Q 56. Rg2 Qxh4+ 57. Kg1 f3 58. Rf2
Qg3+ 59. Kf1 1-0

[Event "Tournoi francophone 009 Groupe D"]
[Site "Skype"]
[Date "????.??.??"]
[Round "5.3"]
[White "Moumtaz, Abderrahim"]
[Black "Scata, Laura"]
[Result "1-0"]
[WhiteElo "1292"]
[BlackElo "1304"]
[PlyCount "115"]

1. e4 c6 2. d4 d5 3. Nc3 dxe4 4. Nxe4 Bf5 5. Ng3 Bg6 6. Nf3 Nd7 7. Be2 e6 8.
O-O Bd6 9. Bd3 Bxd3 10. Qxd3 Ngf6 11. Bg5 h6 12. Be3 Qc7 13. Ne4 Nxe4 14. Qxe4
O-O-O 15. c4 Nf6 16. Qd3 Ng4 17. g3 Nxe3 18. Qxe3 Be7 19. Rfd1 g5 20. Qe5 g4
21. Qxc7+ Kxc7 22. Ne5 Rdf8 23. Nxg4 h5 24. Ne5 h4 25. g4 Bd6 26. Nf3 h3 27.
Kh1 Rfg8 28. Rg1 f5 29. g5 Rg6 30. Rae1 Rhg8 31. c5 Bf4 32. Ne5 Bxe5 33. Rxe5
Rxg5 34. Rxg5 Rxg5 35. Rxe6 Rg2 36. Re2 Rg4 37. Re7+ Kd8 38. Rxb7 Rxd4 39. Rg7
Rd2 40. Rg3 Rxf2 41. Rxh3 Rxb2 42. Ra3 Rc2 43. Ra5 f4 44. Kg1 f3 45. h4 Ke7 46.
Rxa7+ Kf6 47. h5 Rxc5 48. h6 Re5 49. h7 Re1+ 50. Kf2 Rh1 51. Kxf3 Rh3+ 52. Kg4
Rh6 53. Rc7 Kg6 54. Rxc6+ Kxh7 55. Rxh6+ Kxh6 56. a4 Kg6 57. a5 Kf7 58. a6 1-0

[Event "Tournoi francophone 009 Groupe D"]
[Site "Skype"]
[Date "????.??.??"]
[Round "5.4"]
[White "Mimouni, Driss"]
[Black "Lecluyse, Koenraad"]
[Result "0-1"]
[WhiteElo "1058"]
[BlackElo "1227"]
[PlyCount "24"]

1. e4 e6 2. d4 d5 3. exd5 exd5 4. Qe2+ Be7 5. Nf3 Nf6 6. Nc3 O-O 7. Nh4 Bg4 8.
Qb5 c6 9. Qxb7 Ne4 10. Nxe4 dxe4 11. Qxa8 Bxh4 12. Be3 Qf6 0-1

[Event "Tournoi francophone 009 Groupe D"]
[Site "Skype"]
[Date "????.??.??"]
[Round "5.5"]
[White "Douichi, Mohammed"]
[Black "Massez, Konrad"]
[Result "1-0"]
[WhiteElo "1243"]
[BlackElo "1150"]
[PlyCount "59"]

1. e4 e5 2. Nf3 Nc6 3. Bc4 Nd4 4. O-O Nxf3+ 5. Qxf3 Nf6 6. d3 Bc5 7. Qg3 O-O 8.
Qxe5 d6 9. Qg3 Re8 10. Bh6 Ng4 11. h3 Nxh6 12. Nc3 a6 13. Bd5 c6 14. Bb3 Qe7
15. Ne2 d5 16. Nf4 dxe4 17. Rae1 Bf5 18. dxe4 Bxe4 19. Nh5 g6 20. c3 Nf5 21.
Qf4 Bd3 22. Rxe7 Rxe7 23. Rd1 Be2 24. Nf6+ Kg7 25. Re1 Kxf6 26. g4 Bxg4 27.
Rxe7 Kxe7 28. Qxg4 Rd8 29. Qc4 Bd6 30. Qxf7# 1-0